| 000 | 03504nam a22002537a 4500 | ||
|---|---|---|---|
| 003 | MN-UlNLM | ||
| 005 | 20250130110222.0 | ||
| 008 | 250130s1984 rur||||| |||| 00| 0 rus d | ||
| 040 |
_aUB01000001 _bmon _cMN-UlNLM _dMN-UlNLM _erda |
||
| 041 | _arus | ||
| 043 | _ae-ru--- | ||
| 084 |
_210-t _a7 _bЦ 85 _q7 |
||
| 100 | 0 |
_aНям-Осорын Цултэм _d1923 онд Арханай аймгийн Өндөр-Улаан суманд төрсөн _cМонгол Улсын Хөдөлмөрийн баатар, Ардын Зураач, Урлагийн Гавьяат Зүтгэлтэн, Төрийн шагналт зураач юм. |
|
| 245 | 0 |
_aИскусство Монголии с древнейших времен до начала ХХ века. _bЖанр: монография, востоковедение, история искусств _cЗохиогч Ням-Осорын Цултэм Под редактор: Т.В.Сергеевой Рецензенты: Н.А.Виноградова |
|
| 264 | 1 |
_aИзобразительное искусство _bМосква _c1984 |
|
| 300 |
_a227 хуудастай _bЗурагтай текст _c22см |
||
| 505 |
_aАвтор книги – народный художник МНР Цултэм Ням-Осорын поставил перед собой задачу обрисовать картину переплетения многочисленных культурных истоков, взаимодействующих в течение многих веков на территории Монголии, выявить и проследить, как этап за этапом формировался неповторимый облик монгольского искусства. _tОт автора-- _tПамятники культуры первобытнообщиного строя на территории монголии-- _tИскусство пеида древвних государст на территории монголииXII-XIV веков-- _tИскусство срдневековой монголии XV-XVII века-- _tАрхитектура Монголии 16-началла 20 века-- _tСкульптура монголии 17-начала 20 века Дзанабадзар и его школа-- _tЖивопись Монголии 16 середины 19 века-- _tКультура Монголии конца 21-начала 20 века Живопись конца 21 начала 20 века-- _tДекоративно-прикладно искусство Монголии-- _tЗаключение-- _tИллюстрации-- _tБиблиография-- _tСписок иллюстраций-- _tусловные сокращения |
||
| 650 | _aУрлаг спорт | ||
| 651 | _aМосква (орос) | ||
| 700 | _aПод редактор: Т.В.Сергеевой Рецензенты: Н.А.Виноградова | ||
| 880 | 4 |
_6245-01(N _aИскусство Монголии с древнейших времен до начала ХХ века.Art of Mongolia from ancient times to the beginning of the twentieth century. _bЖанр: монография, востоковедение, история искусств:Genre: monograph, oriental studies, art history _cПод редактор: Т.В.Сергеевой Рецензенты: Н.А.Виноградова :Edited by: T.V. Sergeeva Reviewers: N.A. Vinogradova |
|
| 880 | 4 |
_6264-02(N _aMoscow _b1984 |
|
| 942 |
_210-t _cBK |
||
| 999 |
_c1155374 _d1155431 |
||